000 00665nam a2200217 i 4500
001 50049
003 ES-MaACL
005 20230906162118.0
007 t|
008 030729s1971 sp ||||1| spa d
100 0 _aCrisógono de Jesús Sacramentado (
_d1904-1945)
_941621
245 1 0 _aVida de Santa Teresa /
_cCrisógono de Jesús Sacramentado.
250 _a[6ª ed.].
260 _aMadrid :
_bEspiritualidad,
_c[1971]
300 _a452 p. :
_bil. ;
_c17 cm.
490 1 _aLogos ;
_v10
600 0 0 _aTeresa de Jesús,
_cSanta,
_d1515-1582
_9226510
830 0 _aLogos ;
_v10
_9183254
852 _aES-MaACL
_jC-45386
_bR.78463
999 _c50049
_d50049